[Event "Biel 52nd"]
[Site "Biel"]
[Date "2019.07.24"]
[Round "3"]
[White "Vidit, Santosh Gujrathi"]
[Black "Leko, Peter"]
[Result "1-0"]
[WhiteElo "2703"]
[BlackElo "2674"]
[Annotator "Vidit,S"]
[PlyCount "117"]
[EventDate "2019.07.22"]
[EventType "tourn"]
[EventRounds "7"]
[EventCountry "SUI"]
[EventCategory "16"]
[SourceTitle "CBM 191"]
[Source "ChessBase"]
[SourceDate "2019.08.31"]
[SourceVersion "1"]
[SourceVersionDate "2019.08.31"]
[SourceQuality "1"]

{[%evp 0,117,27,-10,23,21,27,12,21,18,5,5,12,5,12,7,25,27,4,-1,21,21,23,27,16,
22,12,14,47,39,68,32,73,62,71,74,47,91,85,105,105,85,135,122,154,110,192,166,
157,157,208,206,206,208,212,216,202,232,213,217,215,204,276,295,295,262,295,
200,245,200,188,174,187,169,179,179,242,158,179,177,186,188,217,184,215,216,
216,218,216,225,223,219,221,221,218,226,218,217,214,203,184,194,214,214,205,
212,236,240,255,257,266,282,374,388,384,345,357,381,381,364]} {Before this
game, Peter was leading by one point in the overall standings. Hence, this
game was really important for me as it was my best chance to take the lead.} 1.
c4 {One month ago, I used a very interesting novelty to win against Peter in a
rapid game. This time, I decided to test him in the English opening, as I felt
he would be more thoroughly prepared in the Catalan.} c5 2. g3 g6 3. Bg2 Bg7 4.
Nc3 Nc6 5. Nf3 d6 6. O-O Rb8 $5 {The first interesting point of the game.
Earlier they used to play the setup with e6-Nge7 which was considered solid,
although recently the trend has been to play Bf5-Qd7 which is a more
aggressive approach. The point of Rb8, as I understand, is quite clever. Black
waits for White to commit with a plan & accordingly react with either Bf5-Qd7
or e6/e5 Nge7. I expect lot of new theory to develop in this direction.} (6...
e6 7. d3 Nge7) (6... Bf5 7. h3 Nf6 8. d3 O-O 9. Be3 a6 10. Qd2 {This was the
most recent top level game, where Maxime quite dubiously sacrificed a pawn on
the next move and struggled against Carlsen.} b5 $6 11. cxb5 axb5 12. Nxb5 Qa5
13. Nc3 Rab8 14. Rfc1 Rfc8 15. b3 $16 {1-0 (43) Carlsen,M (2845)-Vachier
Lagrave,M (2773) Karlsruhe/Baden Baden 2019}) 7. a3 {With hindsight, this
a3-b4 idea looks a bit slow.} (7. e3 {might be the more critical approach,
directly fighting in the centre.} Nf6 8. d4) 7... a6 8. Rb1 (8. b4 cxb4 9. axb4
Nxb4) 8... b5 $6 {A pleasant surprise! With a clever intermezzo, Black could
have won some tempi.} (8... Bf5 $1 9. d3 b5 10. cxb5 axb5 {The point is that
as Black has forced me to play d3, I can't continue with my b4 plan as the c3
knight will be left hanging.} 11. Bd2 Nf6 12. b4 cxb4 13. axb4 Qd7 14. Bg5 O-O
15. Qd2 Rfc8 $11 {Black looks completelty fine.}) 9. cxb5 axb5 10. b4 cxb4 11.
axb4 $14 Nf6 {A subpar move. Already at this point Peter was thinking for a
long period of time, suggesting me that he felt quite uncomfortable.} (11...
Bf5 {was more tricky, although White is still slightly better after} 12. Rb3
Be6 13. Ng5 $1 Bd7 14. Nge4 $1 Nh6 15. d4 Nf5 16. e3 $14) 12. d4 $1 {It's
really unpleasant to meet the threat of d5.} Bf5 13. Rb3 (13. d5 $1 Bxb1 14.
dxc6 Bf5 15. Nd4 O-O 16. Bg5 $16) 13... d5 14. Ne5 $1 {I like this approach of
directly putting pressure on Black. In order to meet with the threats, Black
has to put his pieces in awkward positions.} (14. Bf4 Rb6 15. Qc1 O-O) 14...
Qb6 (14... Rb6 15. Nxb5 Nxe5 16. dxe5 Rxb5 17. exf6 Bxf6 18. Bh6 $16) 15. Be3
$1 Be6 {An ugly looking move. It shows that Black really is in some trouble.} (
15... Rd8 {I would have still preferred to move the rook and keep at least the
bishop on f5 more active.} 16. Qc1 $1 $14 {With all kinds of threats like Nxd5/
Nxb5.}) 16. Nd3 $1 {The key manouevre. Once the knight lands on c5. Black
pieces are completely paralyzed.} O-O (16... Nxd4 17. Ne5 $1 $18 {is the
clever point. The d4 pawn is poisoned.}) 17. Nc5 Rfd8 18. Ra3 $1 {Using
tactical tricks to improve the rook's position. Once White gets control of the
a-file, he will have complete domination.} Ra8 (18... Nxb4 {Now the b4 pawn is
poisoned!} 19. Qb1 Nc6 20. Ra6 Qc7 21. Bf4 $18 {wins material.}) 19. Rxa8 Rxa8
20. Qb3 Qd8 (20... Rd8 {would cede the control of the a-file:} 21. Ra1 $16) 21.
Rc1 $1 {The final precise move in the sequence starting with 14.Ne5! After
this, strategically Black's position is lost. He can't avoid losing material
as both pawns b5 and d5 are very weak.} Rc8 (21... Rb8 22. Nxe6 fxe6 23. Nxd5
$18) 22. Nxb5 Qb6 (22... Bf5 23. Nc3 e6 24. h3 h5 25. b5 Na5 26. Qb4) 23. Nxe6
fxe6 24. Bh3 $1 {Using tactics to keep my pieces active.} Kf7 25. Rc5 Ra8 {
White's position is completely winning. He is a pawn up and has better pieces.
I had played really well in the last phase of the game, but I failed to land
the final blow. Over the next few moves, I improved my pieces further but
didn't make much progress.} (25... Nd7 26. Bxe6+ $1 $18) 26. Bf4 $1 Nd8 27. Bc7
Qb7 28. Qf3 $6 {I wanted to stop the f6 knight from coming to e4. This doesn't
lose the advantage, but practically Bxd8 would have won the game on the spot.}
(28. Bxd8 $1 {Simplest.} Rxd8 29. Nc7 Rd6 30. b5 $18 {and all of Black's
pieces are tied up. Soon White will sacrifice on e6 and push the b-pawn.})
28... Bh6 29. Be5 Bg7 30. Kg2 (30. Nc7 $1 Ra1+ 31. Kg2 Qxb4 32. Bxe6+ Nxe6 33.
Nxe6 {This was a difficult tactics to see in timetrouble.}) 30... h5 31. g4 (
31. Nc7 $1) (31. Qf4 Ra4 32. Nc3 Rxb4 33. Rc7 Qb6 34. Bd6) 31... hxg4 32. Bxg4
Ra4 33. Qb3 $6 {Another indecisive move. White was still completely winning,
but after this practically the task became tougher.} (33. Bc7 $1 {It was
possible to finish the game with brute force!} Nc6 34. e4 $1 {Complete
aggression!} (34. Ba5) 34... dxe4 35. Bxe6+ $1 Kxe6 36. Qb3+ $18) 33... Ra6 34.
Bxf6 {It's a pity to give the bishop. Already at this point I started to feel
that I had lost considerable portion of my advantage and I might have to
'rewin the game'.} Bxf6 35. e3 Rb6 36. Be2 Nc6 37. Qa4 Kg7 38. f4 {Stopping
Black's counterplay ideas like ...e5.} (38. Nc3 Nxb4 39. Qe8 Rc6 40. Na4 $1 {
is just too brilliant of a win!}) 38... Ra6 39. Qb3 Rb6 40. Bd3 Na7 $2 {
So many times the 40th move is the critical mistake!} (40... Qb8 {It made more
sense to just wait as it's not easy to remove the knight on b5 and convert the
advantage.}) 41. Nc7 $1 {Peter expected me to exchange the knights, but this
counter intuitive knight jump practically wins the game.} (41. Rc7 Qb8) 41...
Rxb4 42. Nxe6+ (42. Qd1 {was also possible, but simplying to the endgame
looked easier.} Rb2+ 43. Bc2 {with Qg4 next.}) 42... Kf7 43. Nd8+ Kg7 44. Qxd5
Qxd5+ 45. Rxd5 Rb3 46. Ne6+ $1 Kh6 47. Nc5 $1 {I had to foresee in advance
that I can defend the d3 bishop this way and avoid losing the e3 pawn. The
position is winning but still needs precision.} Rb2+ 48. Kg3 Nc6 49. Rd7 Nb4
50. Bc4 $1 (50. Be4 Re2 {Now White has to give up either the e3 or h2 pawn.})
50... Nc2 (50... Rc2 51. Bb5 g5) 51. Nd3 $1 {The knight danced all the way
from b5-c7-e6-d8-e6-c5-d3!} Rb1 52. Kf3 g5 53. fxg5+ Bxg5 54. Ne5 $1 {Again a
very important move, using tactics to defend the e3 pawn.} Kg7 {Now taking on
e3 is threatened again.} (54... Nxe3 55. h4 $1 $18) (54... Bxe3 55. Ng4+ $18)
55. Rd8 $1 Bxe3 56. Rg8+ Kh7 (56... Kf6 57. Ng4+ $18) (56... Kh6 57. Ng4+ $18)
57. Rg6 {Threatening mate with Bg8+-Nf7++. Black's pieces are too far and not
coordinated.} Rb8 58. Bd3 Rf8+ 59. Rf6+ {White will win the piece on c2. Black
resigned. After this game I took the lead of the tournament and didn't let it
go till the last! I was very happy to win such a prestigious even like the
Biel GM, on top of that with a margin of 6 points!} 1-0

[Event "Wch U16"]
[Site "Porto Carras"]
[Date "2015.11.05"]
[Round "11"]
[White "Vogel, Roven"]
[Black "Maghsoodloo, Parham"]
[Result "1-0"]
[WhiteElo "2417"]
[BlackElo "2456"]
[Annotator "Vogel,R"]
[PlyCount "129"]
[EventDate "2015.10.25"]
[EventType "tourn"]
[EventRounds "11"]
[EventCountry "GRE"]
[SourceTitle "CBM 170"]
[Source "ChessBase"]
[SourceDate "2016.01.15"]
[SourceVersion "1"]
[SourceVersionDate "2016.01.15"]
[SourceQuality "1"]

1. c4 c5 2. Nc3 Nc6 3. Nf3 e5 4. g3 g6 5. Bg2 Bg7 6. O-O Nge7 7. d3 O-O 8. a3
d6 9. Rb1 b6 10. b4 Rb8 11. bxc5 dxc5 12. e4 h6 13. Nd5 Be6 14. Bb2 Qd6 15. Qe2
Rbe8 16. Rbe1 Kh7 17. Nd2 Nd4 18. Bxd4 cxd4 19. Nxe7 Rxe7 20. f4 Bc8 21. f5 Bf6
22. Bh3 Kg7 23. Ra1 Rc7 24. a4 Bd7 25. Kg2 Be8 26. Bg4 Bg5 27. h4 Be3 28. f6+
Kh7 29. Rf3 Bxd2 30. Qxd2 Rc5 31. Qb4 Bc6 32. Rf2 Rb8 33. Bd1 {Hier bot ich
Remis an, was eine Medaille gesichert hätte, da an Brett 1 alles nach Remis
aussah. Doch ganz so friedlich sollten beide Partien nicht enden...} Qc7 {
Mein Gegner lehnte nach kurzem Denken das Remisangebot ab, was mir fast klar
war, da er einen halben Punkt weniger hatte als ich und unbedingt gewinnen
musste, um noch nach vorn zukommen.} 34. Kh2 Ra5 35. Raa2 Qd8 36. g4 Bd7 37.
Qd6 Qe8 (37... Be8 $4 38. Qf8 {war eine meiner Hoffnungen :-)}) 38. g5 Rd8 39.
h5 $1 {Auch jetzt weiß ich noch nicht so recht, was ich von diesem Zug halten
soll. In der Partie hat er mir allerdings den Weg zum Weltmeistertitel geebnet.
} Bg4 (39... hxg5 $15 {hätte Schwarz wahrscheinlich einen Vorteil eingebracht,
doch mein Gegner war gierig und nahm das "versteckte" Opfer an.}) 40. hxg6+
Kxg6 41. Qb4 (41. Qxd8 $1 Qxd8 42. Bxg4 {Obwohl ich bis jetzt noch nicht ganz
verstanden habe, warum dies durchschlagen soll, erachtet es der Computer nach
längerem Rechnen als gewonnen.}) 41... Bxd1 42. gxh6 {Hier versank mein Gegner
in eine lange Denkphase, die fast seine gesamte Zeit nahm und mir das erste
Mal so richtig Hoffnung machte, dass ich es vielleicht doch schaffen kann.
Doch so richtig sicher, wie die Stellung zu bewerten ist, war ich mir trotzdem
nicht. Mit ...Qf8 greift er allerdings gehörig daneben und verliert nun
forciert.. .} Qf8 $2 (42... Qh8 $1 43. Rg2+ Kxf6 44. Raf2+ Ke6 45. Qd2 $13) 43.
Rg2+ Kxf6 44. Raf2+ Ke6 45. Rg6+ Kd7 46. Qxf8 Rxf8 47. h7 Rc5 48. Rg8 Rcc8 {
Bis hierhin berechnet. Hier zu sehr gefreut und plötzlich Rxf8 gespielt, da
ich nur gesehen hatte, dass ich mein Material wiederbekomme, anstatt nochmal
eine Sekunde an einer besseren Fortsetzung zu überlegen. Nachbetrachtend hat
natürlich die Nervosität auch eine große Rolle in dieser Partie gespielt.} 49.
Rxf8 $2 (49. h8=Q Rxg8 50. Rxf7+ Kc6 51. Qf6+ Kc5 52. Qe7+ Kc6 53. Rf6#) (49.
Rfg2 Bxa4 50. h8=Q $18) 49... Rxf8 50. Rxf7+ Rxf7 51. h8=Q Re7 {Gar nicht mehr
so klar, aber immer noch gewonnen.} 52. Qa8 Kd6 53. c5+ bxc5 54. Qd5+ Kc7 55.
Qxc5+ Kd8 56. Kg2 Ke8 57. a5 Kf7 58. Kg3 Bb3 59. a6 Kf6 60. Qd6+ Be6 61. Qd8
Bd7 62. Kh4 Bb5 {Als er diesen Zug spielte, wurde nicht nur am Nachbarbrett
Remis vereinbart, ich wusste zudem auch noch, dass ich nur noch ein paar
Schachs vom Weltmeistertitel entfernt war.} 63. Qd6+ Re6 (63... Kf7 64. Qd5+
$18) 64. Qf8+ Kg6 65. Qf5+ 1-0

[Event "EU-ch 2nd (Women)"]
[Site "Warsaw"]
[Date "2001.04.30"]
[Round "8"]
[White "Voiska, Margarita"]
[Black "Alexandrova, Olga"]
[Result "1-0"]
[WhiteElo "2320"]
[BlackElo "2432"]
[Annotator "Voiska/Kostakiev"]
[PlyCount "103"]
[EventDate "2001.04.22"]
[EventType "swiss"]
[EventRounds "11"]
[EventCountry "POL"]
[SourceTitle "CBM 083"]
[Source "ChessBase"]
[SourceDate "2001.07.05"]
[SourceVersion "1"]
[SourceVersionDate "2001.07.05"]
[SourceQuality "1"]

1. c4 c5 2. Nf3 Nc6 3. g3 g6 4. Bg2 Bg7 5. Nc3 e6 6. d4 cxd4 (6... Nxd4 {
Stefanova,Ant-Calzeta,Mon. pak am sledvashtia krg}) 7. Nb5 d5 8. cxd5 Qa5+ 9.
Qd2 Qxb5 10. dxc6 Qxc6 11. O-O Qb6 12. b3 Nf6 (12... Ne7 13. Ba3 Nc6 14. Rac1
e5 (14... Bf8 15. Bxf8 Kxf8 {1-0 Tolnai,T-Bodrogi,M/Budapest 1993/EXT 98 (24)})
15. Ng5 f5 {1/2-1/2 Brueckner,T-Ruehrig,V/Bad Neuenahr 1987/CBM 04 (41)}) 13.
Qxd4 (13. Bb2 Ne4 14. Qd3 {0-1 Voiska,M-Lazarev,V/San Benedetto 1998/EXT 2000 
(38)}) (13. Ne5 Ne4 14. Bxe4 {1-0 Nogueiras,J-Alvarez,J/Santa Clara 1999/CBM
70 ext (45)}) 13... Nh5 $146 (13... Bd7 14. Bb2 Qxd4 {1/2-1/2 Gabdushev,
R-Vorobiov,E/Moscow 2000/EXT 2001 (50). (49)}) (13... Qxd4 14. Nxd4 Nd5 15. e3
Bd7 (15... O-O 16. Ba3 Rd8 17. Rac1 Bd7 (17... a5) 18. Bxd5 exd5 19. Rc7 Bxd4
20. exd4 Bc6 21. Re1 Re8 22. Ree7 Rxe7 23. Bxe7 $14 {Voiska})) 14. Qd1 O-O 15.
Be3 Qa5 16. Rc1 Nf6 17. Bd4 Rd8 18. Qc2 Nd5 19. Bxg7 Kxg7 20. Qb2+ f6 21. Rfd1
Bd7 22. e4 Ne7 23. b4 Qa4 24. g4 $16 {/\ X/^a1-h8; XKg7'} Bc6 (24... Bb5 25.
Re1 e5 26. g5 Nc6 27. gxf6+ Kxf6 28. Rxc6+ (28. Nxe5 $18) 28... Kf7 29. Qxe5
$18) (24... Rac8 25. g5 Ng8 26. gxf6+ Nxf6 27. Ng5 h6 28. Nh7 (28. e5 Ng8 29.
Ne4 $16) 28... Kxh7 29. Qxf6 Rg8) 25. Re1 $1 Rd3 $6 (25... Rac8 $142 26. e5 (
26. g5 Ng8 27. gxf6+ Nxf6 28. Ng5 Bd7 29. Nxh7 $18) 26... f5 27. Ng5 Bd7 28.
gxf5 Nxf5 $14 (28... gxf5)) 26. g5 $18 Ng8 27. gxf6+ Nxf6 28. Ne5 Ra3 29. Re2
$6 (29. Rxc6 $1 bxc6 30. Nd7) 29... h5 (29... Rd8 30. Ng4 Rf8 31. Rd2 $18) 30.
Nxc6 $5 (30. Rxc6 $1 bxc6 31. Rd2 $18) 30... bxc6 $138 31. e5 Nd5 32. Bxd5 cxd5
33. Rc7+ Kh6 34. Qd2+ (34. Qc1+ $142 $1) 34... g5 35. f4 Rf8 36. Rf2 $1 (36.
fxg5+ $6 Kg6 37. Re7 Qa6 (37... Qc6 38. h4 Rg3+ 39. Kh2 Rg4)) 36... Kg6 37. Re7
Qc6 38. b5 Qc5 (38... Qc8 $142) 39. Rxe6+ $18 Kg7 40. Rc6 Qe3 41. Qxe3 Rxe3 42.
fxg5 Rxf2 43. Kxf2 Ra3 44. Ra6 Rh3 45. Rxa7+ Kg6 46. Kg2 Rh4 47. e6 d4 48. e7
Re4 49. b6 d3 50. Rd7 d2 51. Rxd2 Rxe7 52. Rb2 1-0

[Event "Olympiad-41"]
[Site "Tromsoe"]
[Date "2014.08.12"]
[Round "10.3"]
[White "Fressinet, Laurent"]
[Black "Yu, Yangyi"]
[Result "0-1"]
[WhiteElo "2708"]
[BlackElo "2668"]
[Annotator "Yu,Yangyi"]
[PlyCount "74"]
[EventDate "2014.08.02"]
[EventType "team-swiss"]
[EventRounds "11"]
[EventCountry "NOR"]
[SourceTitle "CBM 162"]
[Source "ChessBase"]
[SourceDate "2014.09.17"]
[SourceVersion "1"]
[SourceVersionDate "2014.09.17"]
[SourceQuality "1"]
[WhiteTeam "France"]
[BlackTeam "China"]
[WhiteTeamCountry "FRA"]
[BlackTeamCountry "CHN"]

1. Nf3 {After 9 rounds both China and France had scored 15 points and were
joint table leaders, so the match between the two teams in Round 10 was to
prove crucial for the outcome of the 2014 Olympiad. Prior to the game I felt a
bit tired because I had played in each of the nine preceding rounds. During
the team selection meeting I suggested that I take a rest in Round 10, but my
teammates strongly objected. In hindsight, I have to admit I am glad they and
also our coach voiced their objections, and I feel grateful for the confidence
they placed in me!} c5 {This was the first tournament game between my opponent
and myself. During my preparation, I saw that Fressinet opened with 1. e4 most
of the time but has recently begun to play 1. Nf3. My coach had briefed me on
his style of play.} 2. c4 Nc6 3. Nc3 g6 4. g3 Bg7 5. Bg2 e6 6. d4 $5 {A very
aggressive choice. More usual are 6. 0-0 or 6. d3.} cxd4 7. Nb5 d5 {I had
prepared this line. I wish to thank my teammate Wang Hao for pointing out the
following improvement in this line over the most commonly played move 8...Qa5.}
8. cxd5 exd5 $1 {I think my opponent hadn't analyzed 8...exd5 extensively in
his preparation. At the European Championship he had faced 8...Qa5 against a
Russian opponent.} (8... Qa5+ $5 9. Nd2 Qxb5 10. dxc6 Ne7 11. a4 Qb4 (11... Qb6
$5 {Here 11...Qb6 is probably the best move but it remains unclear whether
Black can fully equalize.} 12. Nc4 Qb4+ 13. Bd2 Qxc4 14. cxb7 Bxb7 (14... Rb8
15. Rc1 Qa6 16. bxc8=Q+ Rxc8 17. Rxc8+ Nxc8 18. Bb4 $1 $16) 15. Bxb7 Rb8 16.
Rc1 $1 Qa2 17. Ba6 O-O (17... Qd5 18. O-O O-O 19. b4 $14) 18. b4 Qd5 19. O-O
$14 {A very interesting and unbalanced position. White has the bishop pair and
will soon have a passed pawn on the queenside, while Black's pawns are force
to be reckoned with in the center.}) (11... Qa6 12. b4 $16) 12. b3 Nxc6 13. Ba3
Qa5 14. O-O Bf8 15. Nc4 $16 (15. b4 $5 $14) (15. Qc1 $5 $14) 15... Qd8 16. b4 (
16. Bd6 $5 $14 Bxd6 17. Bxc6+ bxc6 18. Qxd4 O-O 19. Nxd6) 16... Nxb4 17. a5 Nc6
18. Bb2 $6 (18. Qa4 $1 $16) 18... Be7 19. a6 O-O 20. Qa4 Qc7 21. Rfc1 Rb8 22.
Nd2 Qd8 23. Bxc6 bxc6 24. Qxd4 Qxd4 25. Bxd4 Rd8 26. Be3 c5 27. Ne4 Rb6 28.
Nxc5 Bxc5 29. Bxc5 Rxa6 30. Bxa7 Rxa1 31. Rxa1 Bb7 32. Be3 Ra8 33. Rxa8+ Bxa8
34. f3 f6 35. Kf2 e5 36. Bc5 e4 37. Ke3 exf3 38. exf3 Kf7 39. Bd4 Ke6 40. Ba1
Bd5 {1/2-1/2 Fressinet,L (2709)-Fedoseev,V (2641)/Yerevan ARM 2014/The Week in
Chess 1009}) 9. O-O (9. Bf4 Qa5+) 9... Nge7 {In this position, Kramnik played
10.Bf4.} (9... Nf6 $5 10. Nbxd4 O-O 11. b3 Ne4 12. Bb2 $13) 10. Nbxd4 (10. Bf4
$5 O-O 11. Qd2 Bg4 12. Nbxd4 Qb6 13. Be3 Nxd4 14. Bxd4 Bxd4 15. Nxd4 Nc6 16.
Nb3 Rad8 17. Rac1 Rfe8 18. Rfe1 Nb4 19. h3 Be6 20. Qd4 Nxa2 21. Qxb6 {1/2-1/2
Kramnik,V (2784)-Areshchenko,A (2709)/Tromso NOR 2013/The Week in Chess 980})
10... O-O 11. Be3 {From here on out I was out of my book. I had analyzed 11.b3,
after which Black is also able to equalize. I'm glad the continuation I found
over the board wasn't too bad either!} (11. b3 $5 Nf5 12. Bb2 Qb6 13. e3 Nfxd4
14. Nxd4 Nxd4 15. Bxd4 Bxd4 16. exd4 Be6 $11 17. Qd2 a5) 11... Re8 $1 {Trying
to equalize after 11...Nf5.} (11... Nf5 $5 12. Nxf5 Bxf5 13. Nd4 Bg4 $1 $11)
12. Rc1 Nf5 13. Nxc6 bxc6 14. Bd4 Nxd4 15. Nxd4 Qb6 $1 16. e3 $5 {Here I sank
into a deep think. I felt my position was quite OK. At first I wanted to play
the relatively active move 16...Bb7, trying to leverage my pair of bishops and
the two connected center pawns, but then I looked at my teammates' positions
and saw Ding Liren had a huge time advantage and would not lose his position,
so I decided to go for a more solid continuation.} (16. Nxc6 Bxb2 17. Rc2 Bf5
18. Bxd5 Bxc2 19. Qxc2 Bf6 20. Qc4 (20. Rb1 Rxe2) 20... Rf8 21. e4 Rac8 22. e5
Rxc6 23. Qxc6 Qxc6 24. Bxc6 Bxe5 $11) 16... Bxd4 $5 (16... Bb7 $5 $15 17. Qd2 (
17. Rc3 c5 18. Rb3 Qa6 19. Nb5 Re7 $15) 17... a5 $15) 17. Qxd4 Qxd4 18. exd4
Re2 19. b4 (19. Rxc6 Rxb2 20. Bxd5 Bb7 21. Rd6 Bxd5 22. Rxd5 Rxa2 23. Rd1 Rb8
24. Rd3 $11) 19... Be6 20. Rxc6 Rxa2 {My opponent's next move was a bit
inaccurate, 21.Rc5 would have drawn easily.} 21. Rd6 $6 (21. b5 $5) (21. Rc5 $1
$11) 21... Rb8 $1 22. Bxd5 Bxd5 23. Rxd5 Rxb4 {Black's active rooks make this
position easier to play for him. Maybe White should try to give up his d-pawn
in exchange for Black's a-pawn to seek a draw.} 24. Rd8+ Kg7 25. d5 Rd2 26. d6
h5 27. h4 Rbb2 28. Kg2 Ra2 29. d7 Rab2 $6 (29... Kf6 $1 $17) 30. Ra1 $2 (30.
Kf3 $1 $11 Rb7 31. Ra1 Rbxd7 32. Rxd7 Rxd7 33. Ra6 $11) 30... Rxf2+ 31. Kg1
Rg2+ {Even in this position White should still be able to hold a draw.} (31...
Rfd2 32. Ra8 Rxd7 33. R8xa7 Rdd2 34. R7a3 $17 {If Black plays 31...Rfd2,
White's position looks dangerous but ultimately he shouldn't have any problems
drawing.}) 32. Kh1 $2 (32. Kf1 $1) 32... Rh2+ 33. Kg1 Rbg2+ $1 34. Kf1 Rd2 $1
$19 35. Kg1 Rhg2+ 36. Kf1 Rxg3 37. Ke1 $2 (37. Rxa7 Re3 $1 (37... Rgd3 $5 38.
Ke1 Kf6 39. Rc7 Ke5 $1 $19 (39... Kf5 $2 40. Rf8 $11) 40. Rf8 (40. Re8+ Kf4 41.
d8=Q (41. Re7 Rd1+ 42. Kf2 R3d2+ 43. Re2 Rxd7 $19) 41... Rxd8 42. Rxf7+ Kg3 $19
) 40... Rxd7 41. Rxf7 Rxf7 42. Rxf7 Rd4 $19) 38. Rc8 Re7 39. Rcc7 Re4 $1 40.
Rc2 (40. Rc8 Rxh4 $19) 40... Rd1+ 41. Kf2 Rxh4 $19) 37... Rxd7 $1 {This win
turned out to be decisive for the match, as our team ended up beating France 2.
5:1.5.} 0-1